000
00188nam a22000977a 4500
999
_c
12505
_d
12505
082
_a
658.80
100
_a
Carvens, Dawid W.
245
_a
Strategic Marketing
250
_a
10th
942
_c
BK